| 000 | 00568nam a22001817a 4500 | ||
|---|---|---|---|
| 999 |
_c184010 _d184010 |
||
| 005 | 20220110152203.0 | ||
| 010 | _aENG-131058 | ||
| 020 |
_a10-SE-000946 _c485.00 |
||
| 035 | _aEN-114590 | ||
| 037 | _bDBAD | ||
| 082 | _a485 | ||
| 100 | _aSingh, Meena | ||
| 245 |
_aICSE ART OF EFFECTIVE ENGLISH: _cMeena Singh, O.P. Singh _bFor Classes IX-X/ |
||
| 260 |
_aNew Delhi _bS Chand School Books _c2013 |
||
| 270 |
_bNew Delhi _aA-27, 2nd Floor, Mohan Co-operative Industrial Estate _e110044 |
||
| 300 |
_a510p. _c23cm(pbk) |
||
| 942 |
_2ddc _cEN _h485 _mSIN |
||